| 000 | 00610cam a2200193 4500 | ||
|---|---|---|---|
| 001 | 315035 | ||
| 005 | 20240206050617.0 | ||
| 008 | 730926s1973 ce a b 000 0 eng | ||
| 040 |
_aDLC _cDLC _dDLC |
||
| 082 | 0 | 0 |
_a306.3 _222 _bWEE. |
| 100 | 1 | _aWeerasooria, W. S. | |
| 245 | 1 | 4 |
_aThe Nattukottai Chettiar merchant bankers in Ceylon, _cby W. S. Weerasooria. With a foreword by William Tennekoon. |
| 260 |
_aDehiwala, _bTisara Prakasakayo _c1973 |
||
| 300 | _axxvii, 170 p. | ||
| 500 | _aA revision of the author's thesis, University of Ceylon. | ||
| 650 | 0 | _aFinance | |
| 650 | 0 | _aBanks and banking | |
| 942 | _cL | ||
| 999 |
_c308 _d308 |
||